| 000 | 00384 a2200109 4500 | ||
|---|---|---|---|
| 001 | ART_18768 | ||
| 005 | 20260410161817.0 | ||
| 008 | 260409a | ||
| 245 | 1 | 0 | _aProtección diplomática, asistencia consular y derechos individuales |
| 100 | 1 | _aDel Castillo, Lilian | |
| 773 | 0 |
_tRevista Juridica de Buenos Aires _gDerecho internacional público (ene. 2012) _wREV4315 |
|
| 999 |
_c22026 _d22026 |
||